Bienvenue au Catalogue en Ligne des Bibliothèques de l'Universite du Burundi

contribution à l'etude écologique et systématiques des diatomées phytoplanctonique du lictoral du lac Tanganyika (Record no. 49698)

000 -GUIDE
Champ de contrôle de longueur fixe 00833nam a22002177a 4500
003 - IDENTITÉ DU NUMÉRO DE CONTRÔLE
Champ de contrôle BI-BuBU
008 - ÉLÉMENTS DE LONGUEUR FIXE - RENSEIGNEMENTS GÉNÉRAUX
Champ de contrôle de longueur fixe 231128b ||||| |||| 00| 0 fre d
037 ## - SOURCE D'ACQUISITION
Numéro d'inventaire 107490
Modalités d'acquisition don de l'auteur
040 ## - SOURCE DU CATALOGAGE
Organisme qui a effectué le catalogage original Evelyne
Code de la langue utilisée dans le catalogage français
Organisme qui a effectué la transcription UB
Organisme qui a effectué la modification BI-BuBU
080 ## - INDICE DE LA CLASSIFICATION DÉCIMALE UNIVERSELLE (CDU)
Indice de la Classification décimale universelle 582
100 ## - VEDETTE PRINCIPALE - NOM DE PERSONNE
Code de relation aut
Nom de personne MUKAMURANGWA (marie Thérèse)
245 ## - MENTION DU TITRE
Titre contribution à l'etude écologique et systématiques des diatomées phytoplanctonique du lictoral du lac Tanganyika
Reste du titre marie Thérèse Mukamurangwa
260 ## - PUBLICATION, DIFFUSION, ETC. (ADRESSE BIBLIOGRAPHIQUE)
Lieu de publication, diffusion, etc. Bujumbura
Nom de l'éditeur, diffuseur, etc. Universite du Burundi, Faculté des sciences
Date of publication, distribution, etc 1986
300 ## - DESCRIPTION MATÉRIELLE
Collation 105f
Dimensions 32cm
500 ## - NOTE GÉNÉRALE
Documents précisés mémoire présenté en vue de l' obtention du grade de licencie en biologique
650 ## - VEDETTE-MATIÈRE - NOM COMMUN
Source du terme BI-BuBU
Vedette de sujet ou vedette comportant un nom géographique diatomie phytoplanctoniques Tanganyika (lac)
654 ## - VEDETTE-MATIÈRE - TERMES À FACETTES
Terme dominant mémoire
655 ## - TERME D'INDEXATION - GENRE OU FORME
Source du terme BI-BuBU
942 ## - ÉLÉMENTS D'ENTRÉE ADDITIONNELLE (KOHA)
Source de la classification ou du système de rangement
Type d item koha Memoire

No items available.

© 2019-2026 - Bibliothèques de l'Université du Burundi |Tous droits réservés
home | Pour toute information urgente Contactez nous | tel whatsupp: +25779204313